<?xml version="1.0" encoding="UTF-8"?>
<record
    xmlns:xsi="http://www.w3.org/2001/XMLSchema-instance"
    xsi:schemaLocation="http://www.loc.gov/MARC21/slim http://www.loc.gov/standards/marcxml/schema/MARC21slim.xsd"
    xmlns="http://www.loc.gov/MARC21/slim">

  <leader>00494nam a2200181Ia 4500</leader>
  <controlfield tag="003">OSt</controlfield>
  <controlfield tag="005">20260202095902.0</controlfield>
  <controlfield tag="008">230105s9999||||xx |||||||||||||| ||und||</controlfield>
  <datafield tag="020" ind1=" " ind2=" ">
    <subfield code="a">9966-01-059-9</subfield>
  </datafield>
  <datafield tag="040" ind1=" " ind2=" ">
    <subfield code="c">Chuka University Library</subfield>
  </datafield>
  <datafield tag="050" ind1=" " ind2=" ">
    <subfield code="a">PL 8701</subfield>
    <subfield code="b">.M33 2006</subfield>
  </datafield>
  <datafield tag="100" ind1=" " ind2=" ">
    <subfield code="a">MCOnyango, Owen</subfield>
    <subfield code="9">4507</subfield>
  </datafield>
  <datafield tag="245" ind1=" " ind2="0">
    <subfield code="a">Mimba Ingali Mimba Na Hadithi Nyingine</subfield>
  </datafield>
  <datafield tag="260" ind1=" " ind2=" ">
    <subfield code="a">Nairobi</subfield>
    <subfield code="b">Focus Publishers Ltd</subfield>
    <subfield code="c">2006</subfield>
  </datafield>
  <datafield tag="300" ind1=" " ind2=" ">
    <subfield code="a">180p.</subfield>
  </datafield>
  <datafield tag="650" ind1=" " ind2=" ">
    <subfield code="a">Kiswahili--fiction</subfield>
    <subfield code="9">11998</subfield>
  </datafield>
  <datafield tag="942" ind1=" " ind2=" ">
    <subfield code="c">BK</subfield>
    <subfield code="2">lcc</subfield>
    <subfield code="0">11</subfield>
  </datafield>
  <datafield tag="952" ind1=" " ind2=" ">
    <subfield code="0">0</subfield>
    <subfield code="1">0</subfield>
    <subfield code="2">lcc</subfield>
    <subfield code="4">0</subfield>
    <subfield code="7">0</subfield>
    <subfield code="8">LGL</subfield>
    <subfield code="a">CHK</subfield>
    <subfield code="b">CHK</subfield>
    <subfield code="c">FIC</subfield>
    <subfield code="d">2023-01-05</subfield>
    <subfield code="l">2</subfield>
    <subfield code="o">FIC PL 8701 .M33 2006</subfield>
    <subfield code="p">7886/2011</subfield>
    <subfield code="r">2023-10-19 00:00:00</subfield>
    <subfield code="s">2023-10-06</subfield>
    <subfield code="t">3</subfield>
    <subfield code="w">2023-01-05</subfield>
    <subfield code="y">BK</subfield>
  </datafield>
  <datafield tag="952" ind1=" " ind2=" ">
    <subfield code="0">0</subfield>
    <subfield code="1">0</subfield>
    <subfield code="2">lcc</subfield>
    <subfield code="4">0</subfield>
    <subfield code="7">0</subfield>
    <subfield code="8">FIC</subfield>
    <subfield code="a">CHK</subfield>
    <subfield code="b">CHG</subfield>
    <subfield code="c">FIC</subfield>
    <subfield code="d">2023-08-16</subfield>
    <subfield code="l">0</subfield>
    <subfield code="o">PL 8701 .M33 2006</subfield>
    <subfield code="p">21755/2023</subfield>
    <subfield code="r">2023-08-16 00:00:00</subfield>
    <subfield code="t">4</subfield>
    <subfield code="w">2023-08-16</subfield>
    <subfield code="y">BK</subfield>
  </datafield>
  <datafield tag="952" ind1=" " ind2=" ">
    <subfield code="0">0</subfield>
    <subfield code="1">0</subfield>
    <subfield code="2">lcc</subfield>
    <subfield code="4">0</subfield>
    <subfield code="7">0</subfield>
    <subfield code="8">FIC</subfield>
    <subfield code="a">CHK</subfield>
    <subfield code="b">CHG</subfield>
    <subfield code="c">FIC</subfield>
    <subfield code="d">2023-08-16</subfield>
    <subfield code="l">0</subfield>
    <subfield code="o">PL 8701 .M33 2006</subfield>
    <subfield code="p">21756/2023</subfield>
    <subfield code="r">2023-08-16 00:00:00</subfield>
    <subfield code="t">5</subfield>
    <subfield code="w">2023-08-16</subfield>
    <subfield code="y">BK</subfield>
  </datafield>
  <datafield tag="952" ind1=" " ind2=" ">
    <subfield code="0">0</subfield>
    <subfield code="1">0</subfield>
    <subfield code="2">lcc</subfield>
    <subfield code="4">0</subfield>
    <subfield code="7">0</subfield>
    <subfield code="8">FIC</subfield>
    <subfield code="a">CHK</subfield>
    <subfield code="b">CHG</subfield>
    <subfield code="c">FIC</subfield>
    <subfield code="d">2023-08-26</subfield>
    <subfield code="l">0</subfield>
    <subfield code="o">PL 8701 .M33 2006</subfield>
    <subfield code="p">21827/2023</subfield>
    <subfield code="r">2023-08-26 00:00:00</subfield>
    <subfield code="t">7</subfield>
    <subfield code="w">2023-08-26</subfield>
    <subfield code="y">BK</subfield>
  </datafield>
  <datafield tag="952" ind1=" " ind2=" ">
    <subfield code="0">0</subfield>
    <subfield code="1">0</subfield>
    <subfield code="2">lcc</subfield>
    <subfield code="4">0</subfield>
    <subfield code="7">0</subfield>
    <subfield code="8">FIC</subfield>
    <subfield code="a">CHK</subfield>
    <subfield code="b">CHG</subfield>
    <subfield code="c">FIC</subfield>
    <subfield code="d">2023-08-26</subfield>
    <subfield code="l">0</subfield>
    <subfield code="o">PL 8701 .M33 2006</subfield>
    <subfield code="p">21826/2023</subfield>
    <subfield code="r">2023-08-26 00:00:00</subfield>
    <subfield code="t">6</subfield>
    <subfield code="w">2023-08-26</subfield>
    <subfield code="y">BK</subfield>
  </datafield>
  <datafield tag="952" ind1=" " ind2=" ">
    <subfield code="0">0</subfield>
    <subfield code="1">0</subfield>
    <subfield code="2">lcc</subfield>
    <subfield code="4">0</subfield>
    <subfield code="7">0</subfield>
    <subfield code="8">FIC</subfield>
    <subfield code="a">EMB</subfield>
    <subfield code="b">EMB</subfield>
    <subfield code="c">FIC</subfield>
    <subfield code="d">2023-10-03</subfield>
    <subfield code="l">2</subfield>
    <subfield code="o">PL 8701 .M33 2006</subfield>
    <subfield code="p">21691/2023</subfield>
    <subfield code="r">2025-03-12 10:45:12</subfield>
    <subfield code="s">2025-02-14</subfield>
    <subfield code="t">8</subfield>
    <subfield code="w">2023-10-03</subfield>
    <subfield code="y">BK</subfield>
  </datafield>
  <datafield tag="952" ind1=" " ind2=" ">
    <subfield code="0">0</subfield>
    <subfield code="1">0</subfield>
    <subfield code="2">lcc</subfield>
    <subfield code="4">0</subfield>
    <subfield code="7">0</subfield>
    <subfield code="8">FIC</subfield>
    <subfield code="a">EMB</subfield>
    <subfield code="b">EMB</subfield>
    <subfield code="c">FIC</subfield>
    <subfield code="d">2025-04-02</subfield>
    <subfield code="l">0</subfield>
    <subfield code="o">PL 8701 .M33 2006</subfield>
    <subfield code="p">21692/2023</subfield>
    <subfield code="r">2023-10-03 00:00:00</subfield>
    <subfield code="t">9</subfield>
    <subfield code="w">2023-10-03</subfield>
    <subfield code="y">BK</subfield>
  </datafield>
  <datafield tag="952" ind1=" " ind2=" ">
    <subfield code="0">0</subfield>
    <subfield code="1">0</subfield>
    <subfield code="2">lcc</subfield>
    <subfield code="4">0</subfield>
    <subfield code="7">0</subfield>
    <subfield code="8">FIC</subfield>
    <subfield code="a">CHK</subfield>
    <subfield code="b">CHK</subfield>
    <subfield code="c">FIC</subfield>
    <subfield code="d">2023-10-19</subfield>
    <subfield code="l">6</subfield>
    <subfield code="o">PL 8701 .M33 2006</subfield>
    <subfield code="p">21951/2023</subfield>
    <subfield code="r">2026-02-16 10:15:57</subfield>
    <subfield code="s">2026-02-02</subfield>
    <subfield code="t">10</subfield>
    <subfield code="w">2023-10-19</subfield>
    <subfield code="y">BK</subfield>
  </datafield>
  <datafield tag="952" ind1=" " ind2=" ">
    <subfield code="0">0</subfield>
    <subfield code="1">0</subfield>
    <subfield code="2">lcc</subfield>
    <subfield code="4">0</subfield>
    <subfield code="7">0</subfield>
    <subfield code="8">FIC</subfield>
    <subfield code="a">CHK</subfield>
    <subfield code="b">CHK</subfield>
    <subfield code="c">FIC</subfield>
    <subfield code="d">2024-07-15</subfield>
    <subfield code="l">1</subfield>
    <subfield code="o">PL 8701 .M33 2006</subfield>
    <subfield code="p">10764/2014</subfield>
    <subfield code="r">2024-10-07 00:00:00</subfield>
    <subfield code="s">2024-09-30</subfield>
    <subfield code="t">1</subfield>
    <subfield code="w">2024-07-15</subfield>
    <subfield code="y">BK</subfield>
  </datafield>
  <datafield tag="999" ind1=" " ind2=" ">
    <subfield code="c">7152</subfield>
    <subfield code="d">7152</subfield>
  </datafield>
</record>
